Central Library OPAC University of Rajshahi

Good taste costs no more / (Record no. 14666)

MARC details
000 -LEADER
fixed length control field 00774cam a22002771 4500
001 - CONTROL NUMBER
control field 14666
003 - CONTROL NUMBER IDENTIFIER
rucl marc code BD-RjUL
005 - DATE AND TIME OF LATEST TRANSACTION
control field 20211208235653.0
008 - FIXED-LENGTH DATA ELEMENTS--GENERAL INFORMATION
fixed length control field 140208s1951 xx 000 0 eng
035 ## - SYSTEM CONTROL NUMBER
System control number (BD-RjUL)14720
System control number (OCoLC)1269926
040 ## - CATALOGING SOURCE
Original cataloging agency DLC
Transcribing agency FO
Modifying agency OCoLC
-- DLC
-- BD-RjUL
Language of cataloging eng
041 ## - LANGUAGE CODE
Language code of text/sound track or separate title eng
082 00 - DEWEY DECIMAL CLASSIFICATION NUMBER
Classification number 749
Author mark and year GUG 1951
100 1# - MAIN ENTRY--PERSONAL NAME
Personal name Gump, Richard,
Dates associated with a name 1906-1989.
9 (RLIN) 45709
245 10 - TITLE STATEMENT
Title Good taste costs no more /
Statement of responsibility, etc. Richard Gump.
250 ## - EDITION STATEMENT
Edition statement [1st ed.]
260 ## - PUBLICATION, DISTRIBUTION, ETC. (IMPRINT)
Place of publication, distribution, etc. Garden City, N.Y.,
Name of publisher, distributor, etc. Doubleday,
Date of publication, distribution, etc. c1951.
300 ## - PHYSICAL DESCRIPTION
Pagination 185 p. :
Illustrations ill. ;
Size 23 cm.
650 #0 - SUBJECT ADDED ENTRY--TOPICAL TERM
Topical term or geographic name as entry element Aesthetics.
9 (RLIN) 45710
Topical term or geographic name as entry element Industrial design.
9 (RLIN) 9485
Topical term or geographic name as entry element Art
General subdivision Collectors and collecting.
9 (RLIN) 45711
942 ## - ADDED ENTRY ELEMENTS (KOHA)
Source of classification or shelving scheme Dewey Decimal Classification
Koha item type Books
Holdings
Lost status Source of classification or shelving scheme Damaged status Not for loan Collection code Permanent Location Current Location Shelving location Date acquired Source of acquisition Total Checkouts Full call number Date last seen Copy number Koha item type
  Dewey Decimal Classification   Not For Loan Non-fiction Central Library, University of Rajshahi Central Library, University of Rajshahi Reading Room 01/03/1958 U.S.I.S Dhaka   749 GUG 1951 08/02/2014 C-1 Books